000 nam a22 a 4500
999 _c94774
_d94774
003 BLK
005 20220523130425.0
008 180408b bul|||||r ||||||| ||bul||
040 _aBLK
041 _aBUL
_cBUL
080 _aФизика
_b53
_x(092)
_z53(092)
080 _aБиографии
_b929
_x(100)
_z929(100)
139 _aБележити физици
_bБ 34
245 1 0 _aБележити физици
_bБиогр. очерци
_cсъстав. Мария Паликарска.
257 _aBGR
260 _aСофия
_bНар. просв.
_c1980
_fВраца : В. Александров
300 _a203 с.
_bс портр.
_c22 см
380 _a5
653 _aфизици
653 _aбиографии
700 1 _aПаликарска, Мария
_eсъстав.
_9306071
852 _aЦб 103353
856 4 _qpdf
856 4 _qpdf
942 _cKNG
_n0
_01
_s1
944 _aCR
_c17.02.2011
_lдобави в АБ / 16.02.2011
_kМилена_Ачева
944 _aED
_c2022-05-23
999 _d94774
999 _d94774